| 000 | 00631nam a22001577a 4500 | ||
|---|---|---|---|
| 999 |
_c535817 _d535817 |
||
| 020 | _qHard Cover. | ||
| 082 | _a615 | ||
| 100 | _aMazhar,Wardha Malik | ||
| 245 |
_aA COMPARATIVE STUDY OF PROTECTIVE EFFECTS OF PROPOFOL, KETAMINE AND THIOPENTAL AGAINST BRADYKININ INDUCED BRONOCHOCONSTRICTIN OF GUINEA PIG TRACHEA - IN VITRO / _cWardha Mazhar Malik. |
||
| 260 |
_aIslamabad : _bAMC - NUST, _c2015. |
||
| 300 |
_axxiii, 93 p. : ill. ; _c30cm. |
||
| 942 |
_2ddc _cTHE |
||
| 650 |
_aPharmacology and Therapeutics M Phil.-Thesis. _930655 |
||
| 700 |
_aBushra Tayyaba Khan. _930659 |
||